Statistiques concernant Les 20 villes les plus peuplées d'Europe au 18e siècle.

Cliquez ici pour prendre le quiz!

Statistiques générales

  • Ce quiz a été pris 154 fois
  • Le résultat moyen est 18 sur 20

Statistiques - réponses

PaysPopulationVille% Correct
Royaume-Uni562 000Londres
100%
France515 000Paris
100%
Italie135 000Rome
100%
Belgique80 000Bruxelles
99%
Portugal180 000Lisbonne
99%
Espagne145 000Madrid
99%
France80 000Marseille
99%
Russie130 000Moscou
99%
Autriche120 000Vienne
99%
Pays-Bas200 000Amsterdam
98%
France97 000Lyon
97%
Italie138 000Venise
96%
Italie257 000Naples
95%
Italie125 000Milan
94%
Espagne72 000Séville
90%
Italie72 000Florence
82%
Allemagne70 000Hambourg
79%
Belgique67 000Anvers
77%
Italie100 000Palerme
76%
Espagne70 000Grenade
54%

Distribution des résultats

Percentile par nombre de réponses

% des personnes avec chaque résultat

Votre développement - résultats

Vous n’avez pas pris ce quiz